[Event "Verbandsliga Nordbaden 2324"]
[Site "Baden"]
[Date "2023.09.24"]
[Round "1.6"]
[White "Eisenbeiser, Karlheinz"]
[Black "Gottschall, Lorenz"]
[Result "0-1"]
[WhiteElo "1910"]
[BlackElo "1851"]
[PlyCount "60"]
[EventDate "2023.09.24"]
[EventType "team-tourn"]
[EventRounds "9"]
[EventCountry "GER"]
[SourceTitle "EXT 2025"]
[Source "ChessBase"]
[SourceDate "2024.10.14"]
[SourceVersion "1"]
[SourceVersionDate "2024.10.14"]
[SourceQuality "1"]
[WhiteTeam "Buchen"]
[BlackTeam "Viernheim III"]
[WhiteTeamCountry "GER"]
[BlackTeamCountry "GER"]

1. e4 c5 2. Nf3 d6 3. c3 Nf6 4. d3 g6 5. Nbd2 Bg7 6. g3 0-0 7. Bg2 Nc6 8. 0-0 Rb8 9. Re1 Nd7 10. h3 b5 11. Nf1 b4 12. cxb4 Rxb4 13. Rb1 Ba6 14. Ne3 Nde5 15. Nxe5 Nxe5 16. Bf1 Rd4 17. Nc2 Bxd3 18. Nxd4 Bxb1 19. Nb5 Bxa2 20. f4 Nc6 21. Nxa7 Nd4 22. Nb5 Bb3 23. Qd3 c4 24. Qxd4 Bxd4+ 25. Nxd4 Qa5 26. Kf2 e5 27. Ne2 Bc2 28. Nc3 Bd3 29. Bg2 Qb6+ 30. Kf3 f5 0-1

[Event "Oberliga Baden 2223"]
[Site "Germany"]
[Date "2022.10.09"]
[Round "2.8"]
[White "Engemann, Till"]
[Black "Eisenbeiser, Karlheinz"]
[Result "0-1"]
[WhiteElo "2093"]
[BlackElo "1909"]
[PlyCount "118"]
[EventDate "2022.09.18"]
[EventType "team-tourn"]
[EventRounds "9"]
[EventCountry "GER"]
[SourceTitle "EXT 2024"]
[Source "ChessBase"]
[SourceDate "2023.10.10"]
[SourceVersion "1"]
[SourceVersionDate "2023.10.10"]
[SourceQuality "1"]
[WhiteTeam "Viernheim II"]
[BlackTeam "Buchen"]
[WhiteTeamCountry "GER"]
[BlackTeamCountry "GER"]

1. d4 g6 2. c4 Bg7 3. Nc3 d6 4. Nf3 Nd7 5. Bg5 h6 6. Bh4 c6 7. e3 Ngf6 8. Be2 0-0 9. 0-0 g5 10. Bg3 Nh5 11. Qc2 Nxg3 12. hxg3 f5 13. Rad1 e6 14. d5 exd5 15. Nd4 Nb6 16. cxd5 Bxd4 17. Rxd4 c5 18. Rdd1 Bd7 19. g4 Qe7 20. gxf5 Bxf5 21. Bd3 Bxd3 22. Qxd3 Kg7 23. Ne2 Rae8 24. Ng3 Kh8 25. Nf5 Qf6 26. e4 h5 27. Rde1 Nc8 28. Qg3 h4 29. Qg4 Ne7 30. Qh5+ Kg8 31. Nxe7+ Rxe7 32. Re3 Rg7 33. Rf3 Qg6 34. Rxf8+ Kxf8 35. Qg4 Qe8 36. Re1 Qd7 37. Qh5 Qf7 38. Qh8+ Rg8 39. Qh6+ Ke7 40. e5 Qg6 41. Qxg6 Rxg6 42. e6 Rf6 43. f3 Rf5 44. Rd1 b5 45. b3 a5 46. Kf2 g4 47. Ke3 gxf3 48. gxf3 h3 49. f4 h2 50. Ke4 Rh5 51. Rh1 b4 52. f5 Kf6 53. Ke3 Rxf5 54. Rxh2 Rxd5 55. Rh6+ Ke7 56. Rh7+ Kxe6 57. Ra7 Rh5 58. Rxa5 Kd5 59. Kd2 Kd4 0-1

[Event "Oberliga Baden 1920"]
[Site "Baden"]
[Date "2020.02.09"]
[Round "6.8"]
[White "Deutschmann, Matthias"]
[Black "Eisenbeiser, Karlheinz"]
[Result "1/2-1/2"]
[WhiteElo "2149"]
[BlackElo "1931"]
[PlyCount "28"]
[EventDate "2019.09.29"]
[EventType "team-tourn"]
[EventRounds "9"]
[EventCountry "GER"]
[SourceTitle "CBM 195 Extra"]
[Source "ChessBase"]
[SourceDate "2020.05.31"]
[SourceVersion "1"]
[SourceVersionDate "2020.05.31"]
[SourceQuality "1"]
[WhiteTeam "Emmendingen II"]
[BlackTeam "Buchen"]
[WhiteTeamCountry "GER"]
[BlackTeamCountry "GER"]

1. c4 d6 2. Nc3 e5 3. g3 Nc6 4. Bg2 g6 5. d3 Bg7 6. Rb1 a5 7. a3 Nge7 8. b4 axb4 9. axb4 0-0 10. e3 f5 11. Nge2 g5 12. b5 Nb8 13. f4 h6 14. 0-0 Nd7 1/2-1/2

[Event "Buchen op 8th"]
[Site "Buchen"]
[Date "2019.09.07"]
[Round "2"]
[White "Eisenbeiser, Karlheinz"]
[Black "Pogan, Nikolas"]
[Result "1/2-1/2"]
[WhiteElo "1931"]
[BlackElo "2251"]
[PlyCount "49"]
[EventDate "2019.09.06"]
[EventType "swiss"]
[EventRounds "5"]
[EventCountry "GER"]
[SourceTitle "EXT 2020"]
[Source "ChessBase"]
[SourceDate "2019.10.17"]
[SourceVersion "1"]
[SourceVersionDate "2019.10.17"]
[SourceQuality "1"]

1. e4 c6 2. d3 d5 3. Nd2 g6 4. Ngf3 Bg7 5. g3 Nf6 6. e5 Nfd7 7. d4 c5 8. c3 b6 9. Bg2 Ba6 10. Bf1 Qc8 11. Bxa6 Qxa6 12. Qe2 0-0 13. h4 Rc8 14. h5 Qxe2+ 15. Kxe2 Nc6 16. hxg6 hxg6 17. Nb3 c4 18. Nbd2 b5 19. Nf1 b4 20. Ne3 e6 21. Bd2 a5 22. Ng4 Nb6 23. a4 Ra7 24. Bg5 Nd7 25. Nf6+ 1/2-1/2

[Event "Verbandsliga Nordbaden 1617"]
[Site "Baden"]
[Date "2017.02.12"]
[Round "6.5"]
[White "Meier, Peter1"]
[Black "Eisenbeiser, Karlheinz"]
[Result "1/2-1/2"]
[WhiteElo "1877"]
[BlackElo "1982"]
[PlyCount "167"]
[EventDate "2016.10.09"]
[EventType "team-tourn"]
[EventRounds "9"]
[EventCountry "GER"]
[SourceTitle "EXT 2022"]
[Source "ChessBase"]
[SourceDate "2021.10.06"]
[SourceVersion "1"]
[SourceVersionDate "2021.10.06"]
[SourceQuality "1"]
[WhiteTeam "Tauberbischofsheim"]
[BlackTeam "Buchen II"]
[WhiteTeamCountry "GER"]
[BlackTeamCountry "GER"]

1. e4 g6 2. d4 Bg7 3. Nf3 d6 4. Nc3 Nf6 5. Be2 c6 6. h3 0-0 7. Bg5 Qa5 8. Qd2 Nbd7 9. 0-0 e5 10. Bh6 Re8 11. Bxg7 Kxg7 12. dxe5 dxe5 13. Bc4 b5 14. Bd3 h6 15. a3 Qc7 16. b4 a5 17. Nh2 Nf8 18. Ne2 Ne6 19. f4 exf4 20. Nxf4 axb4 21. Nxe6+ Rxe6 22. Qxb4 Ra4 23. Qc3 Qe5 24. Qxe5 Rxe5 25. Nf3 Re7 26. e5 Nd5 27. c4 Nf4 28. Be4 Rxc4 29. Nd2 Rd4 30. Rxf4 Rxd2 31. Bxc6 Rxe5 32. Rb4 Ba6 33. Bf3 Re3 34. Re4 Rc3 35. Re2 Rdd3 36. Rea2 Bc8 37. Be2 Rd5 38. Rb2 Bd7 39. Bf3 Rdd3 40. Be2 Rd5 41. Bf3 Rdc5 42. Be2 Bc6 43. Rab1 Rg5 44. Bxb5 Bxb5 45. Rxb5 Rxb5 46. Rxb5 Rxa3 47. Kf2 h5 48. Rc5 h4 49. Rb5 f5 50. Rb4 g5 51. Rb6 Rc3 52. Rd6 Rc4 53. Rb6 Kf7 54. Rd6 Re4 55. Ra6 Re6 56. Ra5 Kf6 57. Kf3 Rb6 58. Rc5 Ke6 59. Ra5 Rb3+ 60. Kf2 Rd3 61. Rb5 Rd5 62. Rb8 Ke5 63. Ke3 f4+ 64. Ke2 Ke4 65. Rb4+ Kf5 66. Rb8 Ra5 67. Rb4 g4 68. Rb3 Ra2+ 69. Kf1 gxh3 70. Rxh3 Kg4 71. Rb3 Rd2 72. Ra3 Rd4 73. Kf2 Re4 74. Ra8 Re5 75. Rg8+ Rg5 76. Rh8 Rg7 77. Rh6 Ra7 78. Rg6+ Kf5 79. Rg8 Ra2+ 80. Kf3 Ra3+ 81. Kf2 h3 82. gxh3 Rxh3 83. Rf8+ Ke5 84. Re8+ 1/2-1/2

[Event "Verbandsliga Nordbaden 1516"]
[Site "Baden"]
[Date "2016.02.14"]
[Round "6.6"]
[White "Eisenbeiser, Karlheinz"]
[Black "Muetsch, Annmarie"]
[Result "0-1"]
[WhiteElo "2004"]
[BlackElo "1974"]
[PlyCount "108"]
[EventDate "2015.09.27"]
[EventType "team-tourn"]
[EventRounds "9"]
[EventCountry "GER"]
[SourceTitle "EXT 2022"]
[Source "ChessBase"]
[SourceDate "2021.10.06"]
[SourceVersion "1"]
[SourceVersionDate "2021.10.06"]
[SourceQuality "1"]
[WhiteTeam "Buchen II"]
[BlackTeam "Eppingen II"]
[WhiteTeamCountry "GER"]
[BlackTeamCountry "GER"]

1. Nf3 Nf6 2. g3 e6 3. Bg2 d5 4. d3 c5 5. Nbd2 Be7 6. 0-0 Nc6 7. e4 0-0 8. Re1 b6 9. c3 dxe4 10. dxe4 Ba6 11. Qa4 Qc8 12. e5 Nd5 13. Ne4 Rd8 14. g4 Bd3 15. Bd2 b5 16. Qd1 Qc7 17. Ng3 c4 18. Qc1 Rd7 19. h4 Qb6 20. h5 Bc5 21. Nh1 Rb8 22. Bf1 Nde7 23. Be3 Bxe3 24. Qxe3 Qxe3 25. Rxe3 Nd5 26. Ree1 Nf4 27. Ng3 b4 28. Ne4 Rd5 29. Ned2 Bxf1 30. Kxf1 Nd3 31. Re4 Nxb2 32. Nxc4 bxc3 33. Rc1 Rd1+ 34. Rxd1 Nxd1 35. Na3 Nb4 36. Rc4 Nxa2 37. Nd4 h6 38. Ndc2 a5 39. Ke2 Nb2 40. Rc7 Rd8 41. Ke3 Nd1+ 42. Kf3 Rd2 43. Kg3 Nxf2 44. Rc8+ Kh7 45. Rc7 Nd3 46. Rxf7 Nab4 47. Ne3 c2 48. Naxc2 Nxc2 49. Nc4 Re2 50. Nxa5 Re3+ 51. Kg2 Nxe5 52. Re7 Nxg4 53. Nb7 Nf6 54. Nd8 Nxh5 0-1

[Event "Feffernitz op 24th"]
[Site "Feffernitz"]
[Date "2015.08.23"]
[Round "9"]
[White "Eisenbeiser, Karlheinz"]
[Black "Peierl, Walter"]
[Result "1-0"]
[WhiteElo "2000"]
[BlackElo "1741"]
[PlyCount "45"]
[EventDate "2015.08.16"]
[EventType "swiss"]
[EventRounds "9"]
[EventCountry "AUT"]
[SourceTitle "EXT 2016"]
[Source "ChessBase"]
[SourceDate "2015.10.08"]
[SourceVersion "1"]
[SourceVersionDate "2015.10.08"]
[SourceQuality "1"]

1. g3 d5 2. Bg2 e5 3. d3 Bc5 4. Nd2 Qf6 5. e3 Ne7 6. h3 Nf5 7. Nb3 Bb6 8. Bxd5 0-0 9. Bg2 Nd7 10. Ne2 Rd8 11. 0-0 c5 12. e4 Nd6 13. c4 Nf8 14. Nc3 Be6 15. Qe2 Rd7 16. f4 g6 17. g4 Rad8 18. f5 gxf5 19. exf5 Bxc4 20. dxc4 h6 21. Nd5 Qh4 22. Be3 Nh7 23. Bf2 1-0

[Event "Feffernitz Raika op 23rd"]
[Site "Feffernitz"]
[Date "2014.08.17"]
[Round "3"]
[White "Eisenbeiser, Karlheinz"]
[Black "Kesik, Klaus Dieter"]
[Result "1-0"]
[WhiteElo "2013"]
[BlackElo "2276"]
[PlyCount "139"]
[EventDate "2014.08.16"]
[EventType "swiss"]
[EventRounds "9"]
[EventCountry "AUT"]
[SourceTitle "CBM 161 Extra"]
[Source "ChessBase"]
[SourceDate "2014.08.29"]
[SourceVersion "1"]
[SourceVersionDate "2014.08.29"]
[SourceQuality "1"]

1. d4 Nf6 2. Nf3 g6 3. c4 Bg7 4. Nc3 0-0 5. g3 d6 6. Bg2 Nc6 7. 0-0 a6 8. d5 Na5 9. Nd2 c5 10. e4 Rb8 11. Re1 b5 12. Qe2 bxc4 13. f4 Ng4 14. Nd1 Bd7 15. h3 Nh6 16. g4 Kh8 17. e5 Qc7 18. Nc3 e6 19. Nf3 Ng8 20. exd6 Qxd6 21. Ne5 exd5 22. Bxd5 Be6 23. Bg2 Rbe8 24. Ne4 Qc7 25. Qf2 f5 26. gxf5 Bxf5 27. Qxc5 Rc8 28. Qxc7 Rxc7 29. Nd6 Bxe5 30. fxe5 Be6 31. Bd2 Nc6 32. Bc3 Nce7 33. Rad1 Nh6 34. Ne4 Nf7 35. Rd6 Nd8 36. Ng5 Bf5 37. Rxa6 Kg8 38. Bb4 Re8 39. Be4 Kg7 40. Bd6 Rd7 41. Bb4 h6 42. e6 Rc7 43. Bc3+ Kg8 44. Bxf5 Nxf5 45. Nf7 Nc6 46. Ne5 Nxe5 47. Rxe5 Ne7 48. Rd6 Nf5 49. Rd7 Rc6 50. e7 Kf7 51. Bb4 Ng7 52. Re4 Ne6 53. Rd2 g5 54. Rc2 Rec8 55. Rf2+ Nf4 56. Bd2 Rf6 57. Bxf4 gxf4 58. e8Q+ Rxe8 59. Rfxf4 Rxf4 60. Rxf4+ Kg6 61. Rxc4 Re2 62. Rb4 Kf5 63. a4 Ke5 64. b3 Ra2 65. Rb6 Ra3 66. Kf2 Kf4 67. Rb4+ Kg5 68. Kf3 h5 69. Rb5+ Kg6 70. Kf4 1-0

[Event "Feffernitz Raika op 22nd"]
[Site "Feffernitz"]
[Date "2013.08.24"]
[Round "8"]
[White "Eisenbeiser, Karlheinz"]
[Black "Zeuner, Michael"]
[Result "0-1"]
[WhiteElo "2000"]
[BlackElo "2164"]
[PlyCount "108"]
[EventDate "2013.08.18"]
[EventType "swiss"]
[EventRounds "9"]
[EventCountry "AUT"]
[SourceTitle "CBM 156 Extra"]
[Source "ChessBase"]
[SourceDate "2013.10.22"]
[SourceVersion "1"]
[SourceVersionDate "2013.10.22"]
[SourceQuality "1"]

1. g3 e5 2. Bg2 Nc6 3. d3 Be7 4. e4 Nf6 5. Nf3 0-0 6. 0-0 d5 7. exd5 Nxd5 8. Re1 Bf6 9. Nbd2 g6 10. h3 Bg7 11. Nc4 Re8 12. Kh2 Nb6 13. Nxb6 axb6 14. a3 Be6 15. Ng5 Bd5 16. Bxd5 Qxd5 17. Qf3 Qd7 18. Ne4 Nd4 19. Qd1 f5 20. Nd2 Qd5 21. c3 Nc6 22. Qb3 Rad8 23. Qxd5+ Rxd5 24. d4 Red8 25. Nf3 exd4 26. cxd4 Nxd4 27. Nxd4 Rxd4 28. Bg5 R8d7 29. Rac1 Kf7 30. Bf4 c6 31. Re2 Re7 32. Rxe7+ Kxe7 33. Rc2 Rd3 34. h4 b5 35. Kg2 Bf6 36. Kf1 Rb3 37. Bc1 Ke6 38. Re2+ Kd5 39. Rd2+ Bd4 40. Ke2 c5 41. Rc2 Ke4 42. Rd2 b6 43. Rc2 Bg7 44. Ke1 Kf3 45. Re2 Bd4 46. Rc2 Kg2 47. Re2 Rf3 48. Re7 Bxf2+ 49. Kd1 Rxg3 50. Rxh7 Rg4 51. h5 gxh5 52. Rxh5 f4 53. Rh6 c4 54. Rh5 Bc5 0-1

[Event "Oberliga Baden 1213"]
[Site "Baden"]
[Date "2013.03.17"]
[Round "8.8"]
[White "Eisenbeiser, Karlheinz"]
[Black "Stemmler, Tim"]
[Result "1/2-1/2"]
[WhiteElo "2001"]
[BlackElo "1900"]
[PlyCount "87"]
[EventDate "2012.10.14"]
[EventType "team-tourn"]
[EventRounds "9"]
[EventCountry "GER"]
[SourceTitle "EXT 2014"]
[Source "ChessBase"]
[SourceDate "2013.11.20"]
[SourceVersion "1"]
[SourceVersionDate "2013.11.20"]
[SourceQuality "1"]
[WhiteTeam "Buchen"]
[BlackTeam "Ladenburg"]
[WhiteTeamCountry "GER"]
[BlackTeamCountry "GER"]

1. e4 e6 2. d3 d5 3. Nd2 Nf6 4. Ngf3 Bc5 5. Nb3 Be7 6. e5 Nfd7 7. d4 c5 8. c3 Nc6 9. Be3 c4 10. Nbd2 b5 11. b3 b4 12. bxc4 bxc3 13. Nb3 dxc4 14. Bxc4 0-0 15. 0-0 Nb6 16. Be2 Nd5 17. Qc1 Qc7 18. Bg5 a5 19. Bxe7 Ncxe7 20. Nc5 h6 21. a3 Nc6 22. Ne4 Nce7 23. Rd1 Ba6 24. Bxa6 Rxa6 25. Ne1 Rc6 26. Nc2 Rb8 27. Rb1 Rcb6 28. Rxb6 Qxb6 29. Nc5 Qb2 30. Nd3 Qxc1 31. Rxc1 Nc6 32. g3 Kf8 33. Kf1 Ke7 34. h4 h5 35. Kg2 g6 36. Kh3 Rb3 37. f3 Rb8 38. g4 hxg4+ 39. fxg4 Kf8 40. Kg3 Kg7 41. Kf3 Rh8 42. Kg3 Rb8 43. Kf3 Rh8 44. Kg3 1/2-1/2